[Event "6. ODEM U25 2009"]
[Site "Willingen GER"]
[Date "2009.06.05"]
[Round "8"]
[White "Berger, Manuel"]
[Black "Rosenberger, Andreas"]
[Result "1-0"]
[Termination "normal"]
[Board "35"]
[WhiteElo "1767"]
[BlackElo "1478"]
[PlyCount "55"]
[WhiteFideId "24692506"]
[BlackFideId "12900192"]
[EventCountry "GER"]
[EventRounds "9"]
[EventType "swiss"]
[EventDate "2009.05.30"]

1. e4 d6 2. d4 Nf6 3. Nc3 g6 4. Bg5 Bg7 5. e5 dxe5 6. dxe5 Qxd1+ 7. Rxd1 Ng4 8.
h3 Nxe5 9. Nd5 O-O 10. Nxc7 Bf5 11. Nxa8 Bxc2 12. Bxe7 Re8 13. Rd8 Rxd8 14.
Bxd8 Nbc6 15. Bc7 Nd3+ 16. Bxd3 Bxd3 17. Kd2 Be4 18. Nf3 Nb4 19. Ke3 Bc6 20.
Bh2 Bh6+ 21. Kd4 Bg7+ 22. Kc4 Nxa2 23. Nc7 Bf8 24. Rd1 Nb4 25. Rd8 b5+ 26. Nxb5
Bd5+ 27. Rxd5 Nxd5 28. Kxd5 1-0

[Event "6. ODEM U25 2009"]
[Site "Willingen GER"]
[Date "2009.06.05"]
[Round "8"]
[White "Triantafillidis, Katherina"]
[Black "Stark, Sven"]
[Result "0-1"]
[Termination "normal"]
[Board "36"]
[WhiteElo "1221"]
[BlackElo "1763"]
[PlyCount "54"]
[WhiteFideId "24692409"]
[BlackFideId "4670124"]
[EventCountry "GER"]
[EventRounds "9"]
[EventType "swiss"]
[EventDate "2009.05.30"]

1. e4 e5 2. Nf3 Nc6 3. Nc3 Nf6 4. Bb5 d6 5. d3 Bd7 6. Bg5 Be7 7. O-O a6 8. Ba4
b5 9. Bb3 Na5 10. Nd2 Nxb3 11. Nxb3 O-O 12. Re1 h6 13. Bh4 c6 14. a3 Nh7 15.
Bxe7 Qxe7 16. d4 f5 17. d5 c5 18. Qe2 f4 19. g3 Qg5 20. Qf3 fxg3 21. Qxg3 Qh5
22. Kh1 Rf3 23. Qg2 Bh3 24. Qg1 Raf8 25. Re2 Rxc3 26. bxc3 Qf3+ 27. Qg2 Qxg2#
0-1

[Event "6. ODEM U25 2009"]
[Site "Willingen GER"]
[Date "2009.06.05"]
[Round "8"]
[White "Popp, Maximilian"]
[Black "Goldbeck, Daniel"]
[Result "1-0"]
[Termination "normal"]
[Board "37"]
[WhiteElo "1704"]
[BlackElo "1391"]
[PlyCount "45"]
[WhiteFideId "24673668"]
[BlackFideId "1271850"]
[EventCountry "GER"]
[EventRounds "9"]
[EventType "swiss"]
[EventDate "2009.05.30"]

1. e4 e5 2. Bc4 Nc6 3. Nf3 Nf6 4. O-O Bc5 5. c3 d6 6. d4 exd4 7. cxd4 Bb6 8. h3
h6 9. Nc3 O-O 10. Be3 Na5 11. Bd3 d5 12. e5 Ne8 13. Nh2 f5 14. b3 f4 15. Bd2
Qg5 16. Qf3 Bxd4 17. Qxd5+ Kh8 18. Qxd4 Bxh3 19. Qe4 Bf5 20. Qf3 Rd8 21. Bxf5
Rxd2 22. Ne4 Qxf5 23. Nxd2 1-0

[Event "6. ODEM U25 2009"]
[Site "Willingen GER"]
[Date "2009.06.05"]
[Round "8"]
[White "Kulling, Markus"]
[Black "Armbrust, Matthias"]
[Result "0-1"]
[Termination "normal"]
[Board "39"]
[WhiteElo "1451"]
[BlackElo "1820"]
[PlyCount "104"]
[WhiteFideId "24698911"]
[EventCountry "GER"]
[EventRounds "9"]
[EventType "swiss"]
[EventDate "2009.05.30"]

1. d4 Nf6 2. Nf3 g6 3. Bg5 Bg7 4. Nbd2 d6 5. c3 O-O 6. e4 Nbd7 7. Bc4 c5 8. O-O
a6 9. a4 h6 10. Bh4 Nh5 11. Qe2 Re8 12. Rfe1 Qb6 13. Nb3 e5 14. dxc5 Nxc5 15.
Nxc5 dxc5 16. Rad1 Bg4 17. b3 Nf4 18. Qe3 Qc7 19. Rd2 Kh8 20. Red1 g5 21. Bg3
Qe7 22. h3 Bh5 23. Rd7 Qf8 24. Rxb7 Rad8 25. Rxd8 Rxd8 26. Bxa6 f5 27. Bc4
Nxh3+ 28. gxh3 f4 29. Bxf4 exf4 30. Qe2 Bxc3 31. Qc2 Bg7 32. Kg2 Qf6 33. Bd5 g4
34. hxg4 Bxg4 35. Qe2 Qg6 36. Bf7 Qc6 37. Bd5 Qg6 38. Bf7 Qc6 39. Rb5 Rf8 40.
Qc4 Rd8 41. Rxc5 Qf6 42. e5 Qf5 43. Ng1 f3+ 44. Kg3 Bxe5+ 45. Rxe5 Qxe5+ 46.
Kxg4 Rd4+ 47. Qxd4 Qxd4+ 48. Kh5 Qf6 49. Nh3 Qxf7+ 50. Kg4 Qxb3 51. Nf4 Qxa4
52. Kxf3 Kg7 0-1

[Event "6. ODEM U25 2009"]
[Site "Willingen GER"]
[Date "2009.06.05"]
[Round "8"]
[White "Schreiber, Justina"]
[Black "Baier, Christoph"]
[Result "1/2-1/2"]
[Termination "normal"]
[Board "40"]
[WhiteElo "1269"]
[BlackElo "1671"]
[PlyCount "76"]
[WhiteFideId "24661570"]
[BlackFideId "24655759"]
[EventCountry "GER"]
[EventRounds "9"]
[EventType "swiss"]
[EventDate "2009.05.30"]

1. e4 d5 2. exd5 Qxd5 3. Nc3 Qa5 4. d4 c6 5. Bc4 Bf5 6. Bd2 Qc7 7. Nge2 e6 8.
Bf4 Bd6 9. Bxd6 Qxd6 10. Bd3 Bg6 11. a3 Nd7 12. Qd2 Ngf6 13. Qf4 Qxf4 14. Nxf4
Bxd3 15. Nxd3 O-O-O 16. Ne2 Nb6 17. Ne5 Rhf8 18. O-O Nbd5 19. Rfd1 Ne7 20. Ng3
Ne8 21. c3 Nd6 22. a4 Rde8 23. Re1 Nef5 24. Nxf5 Nxf5 25. Rad1 Ne7 26. b3 Nd5
27. c4 Nf6 28. h3 Re7 29. Nf3 Rfe8 30. Ne5 Nd7 31. Nxd7 Rxd7 32. Rd2 Red8 33.
Red1 Rd6 34. Kf1 Kd7 35. Ke2 Ke7 36. f4 Kf6 37. g4 Ke7 38. Kf3 Kf6 1/2-1/2

[Event "6. ODEM U25 2009"]
[Site "Willingen GER"]
[Date "2009.06.05"]
[Round "8"]
[White "Röhlich, Philipp"]
[Black "Jorczik, Andreas"]
[Result "0-1"]
[Termination "normal"]
[Board "41"]
[WhiteElo "1043"]
[BlackElo "1792"]
[PlyCount "60"]
[WhiteFideId "24692832"]
[BlackFideId "24634921"]
[EventCountry "GER"]
[EventRounds "9"]
[EventType "swiss"]
[EventDate "2009.05.30"]

1. e4 c5 2. b3 Nc6 3. Bb2 e5 4. c3 d6 5. h3 Qb6 6. Nf3 g6 7. Na3 Bg7 8. Nc4 Qc7
9. d4 b5 10. Ne3 cxd4 11. cxd4 Qa5+ 12. Qd2 Qxd2+ 13. Nxd2 Rb8 14. Nf3 Nxd4 15.
Nxd4 exd4 16. Nc2 a6 17. O-O-O Bb7 18. f3 Ne7 19. Ba3 d5 20. exd5 Nxd5 21. Bb2
Nc3 22. Re1+ Kd7 23. Bxc3 dxc3 24. Bd3 Rhe8 25. Rd1 Ke7 26. Nb4 Kf8 27. h4 Rbd8
28. h5 Re3 29. Bc2 Rxd1+ 30. Rxd1 Bh6 0-1

[Event "6. ODEM U25 2009"]
[Site "Willingen GER"]
[Date "2009.06.05"]
[Round "8"]
[White "Bachem, Sabrina"]
[Black "Weißbeck, Joachim Daniel"]
[Result "0-1"]
[Termination "normal"]
[Board "42"]
[WhiteElo "1599"]
[BlackElo "1755"]
[PlyCount "182"]
[BlackFideId "4639227"]
[EventCountry "GER"]
[EventRounds "9"]
[EventType "swiss"]
[EventDate "2009.05.30"]

1. e4 e5 2. Nf3 Nf6 3. Nc3 Bb4 4. d3 Nc6 5. Bd2 O-O 6. Be2 d5 7. exd5 Nxd5 8.
Nxd5 Qxd5 9. Bxb4 Nxb4 10. a3 Nc6 11. O-O Bg4 12. h3 Bh5 13. c3 Rfe8 14. Nd2
Bg6 15. Nc4 Rad8 16. Qb3 b5 17. Nd2 Qxb3 18. Nxb3 Bxd3 19. Bxd3 Rxd3 20. Rad1
Red8 21. Rxd3 Rxd3 22. f3 Kf8 23. Re1 Ke7 24. Kf2 f6 25. Ke2 Rd5 26. Ke3 a5 27.
Nd2 b4 28. axb4 axb4 29. Rc1 bxc3 30. bxc3 Ra5 31. Rb1 Ra2 32. g3 Ra3 33. Rb3
Rxb3 34. Nxb3 Kd6 35. Ke4 Ne7 36. c4 c5 37. Nc1 Nc8 38. Ne2 Nb6 39. Kd3 Na4 40.
Kc2 Nb6 41. Kd3 Nc8 42. Nc3 Ne7 43. Ne4+ Kc6 44. Nd2 Nf5 45. Ne4 Nd4 46. Ke3 h6
47. f4 f5 48. Nc3 e4 49. g4 g6 50. Nd5 Kd6 51. Nf6 Nc2+ 52. Kd2 Nb4 53. gxf5
gxf5 54. Nh5 Ke6 55. Ng7+ Kf6 56. Nh5+ Kg6 57. Ng3 Nd3 58. Ke3 Nb2 59. Kd2
Nxc4+ 60. Kc3 Nd6 61. h4 Kf7 62. Nf1 Ke6 63. Ne3 Kd7 64. Kb3 Kc6 65. Ka4 c4 66.
Kb4 Kb6 67. Nxc4+ Nxc4 68. Kxc4 Kc6 69. h5 Kd6 70. Kd4 Kc6 71. Kc4 e3 72. Kd3
Kd5 73. Kxe3 Kc4 74. Ke2 Kd4 75. Kf3 Kd3 76. Kf2 Ke4 77. Kg3 Ke3 78. Kg2 Kxf4
79. Kf2 Kg4 80. Kg2 Kxh5 81. Kf3 Kg5 82. Kg3 h5 83. Kf3 h4 84. Kf2 Kg4 85. Kg2
Kf4 86. Kh3 Ke3 87. Kg2 Ke2 88. Kh3 f4 89. Kg2 f3+ 90. Kg1 f2+ 91. Kg2 Ke1 0-1

[Event "6. ODEM U25 2009"]
[Site "Willingen GER"]
[Date "2009.06.05"]
[Round "8"]
[White "Hirschberg, Leander"]
[Black "Mann, Jonas"]
[Result "1/2-1/2"]
[Termination "normal"]
[Board "43"]
[WhiteElo "1671"]
[BlackElo "1296"]
[PlyCount "90"]
[WhiteFideId "24652130"]
[BlackFideId "12900214"]
[EventCountry "GER"]
[EventRounds "9"]
[EventType "swiss"]
[EventDate "2009.05.30"]

1. e4 c5 2. c3 d6 3. d4 cxd4 4. cxd4 Nf6 5. Nc3 a6 6. Qa4+ Bd7 7. Bb5 Nc6 8.
Bxc6 Bxc6 9. Qc2 e6 10. Nf3 Be7 11. O-O O-O 12. Bf4 d5 13. e5 Ne4 14. Nd2 Nxc3
15. Qxc3 Rc8 16. Rfc1 Qb6 17. Nb3 Bb4 18. Qg3 Kh8 19. Qd3 a5 20. Nd2 Bb5 21.
Qe3 Bxd2 22. Qxd2 Rc4 23. Rxc4 Bxc4 24. b3 Ba6 25. Rc1 Qb5 26. h3 Qe2 27. Qxa5
Qb2 28. Qc5 Rg8 29. Qe7 Qxd4 30. Qxf7 Qe4 31. Qxe6 Qxf4 32. Rc8 Rf8 33. Rxf8+
Qxf8 34. Qxd5 h6 35. e6 Qb4 36. a4 Qe1+ 37. Kh2 Qxf2 38. Qe4 Qc5 39. Kg3 Qd6+
40. Kg4 Qe7 41. Qf5 b6 42. Qf7 Qg5+ 43. Kf3 Qd5+ 44. Kf2 Qd2+ 45. Kg3 Qd6+
1/2-1/2

[Event "6. ODEM U25 2009"]
[Site "Willingen GER"]
[Date "2009.06.05"]
[Round "8"]
[White "Herbst, Matthew"]
[Black "Weber, Yannik"]
[Result "1-0"]
[Termination "normal"]
[Board "44"]
[WhiteElo "1615"]
[BlackElo "1236"]
[PlyCount "59"]
[WhiteFideId "24601950"]
[BlackFideId "24692700"]
[EventCountry "GER"]
[EventRounds "9"]
[EventType "swiss"]
[EventDate "2009.05.30"]

1. e4 e5 2. Nf3 Nc6 3. d4 exd4 4. Nxd4 Bc5 5. Be3 Qf6 6. c3 Nge7 7. Bc4 O-O 8.
O-O d6 9. Kh1 Qg6 10. Nd2 Be6 11. Bb3 Bxb3 12. Qxb3 Ne5 13. f4 Ng4 14. Rf3 Qh6
15. Bg1 Ng6 16. Raf1 Bxd4 17. cxd4 Qh4 18. Rh3 Qe7 19. f5 Nh8 20. Qg3 Nf6 21.
e5 dxe5 22. dxe5 Ne8 23. f6 Qb4 24. fxg7 Nxg7 25. Be3 Ng6 26. Qg5 h5 27. Qh6
Qxb2 28. Bg5 Ne6 29. Ne4 Nxg5 30. Nf6# 1-0

[Event "6. ODEM U25 2009"]
[Site "Willingen GER"]
[Date "2009.06.05"]
[Round "8"]
[White "Neumair, Dorian"]
[Black "Rummer, Evi"]
[Result "0-1"]
[Termination "normal"]
[Board "45"]
[WhiteElo "1340"]
[BlackElo "1439"]
[PlyCount "148"]
[BlackFideId "12900117"]
[EventCountry "GER"]
[EventRounds "9"]
[EventType "swiss"]
[EventDate "2009.05.30"]

1. e4 e5 2. Bc4 Nf6 3. Nc3 Bc5 4. Nf3 d6 5. d3 O-O 6. Be3 Bxe3 7. fxe3 c6 8.
O-O d5 9. exd5 cxd5 10. Bb3 Nc6 11. d4 e4 12. Ne5 Be6 13. h3 a6 14. Nxc6 bxc6
15. Na4 Nd7 16. Rc1 Qg5 17. Qe2 Bxh3 18. Kh2 Be6 19. Rh1 Nf6 20. Kg1 Bg4 21.
Qf2 Bf3 22. Re1 Bg4 23. Nc3 Nd7 24. Ne2 c5 25. c3 c4 26. Ba4 Rab8 27. Qg3 h6
28. b3 Rb6 29. Nf4 Nf6 30. b4 a5 31. b5 Bd7 32. Qxg5 hxg5 33. Nh5 Nxh5 34. Rxh5
f6 35. Kf2 Bxb5 36. Bd1 Bd7 37. Reh1 Kf7 38. Rh7 Rg8 39. Bh5+ Ke7 40. Bd1 Bf5
41. Rh8 Rxh8 42. Rxh8 Rb2+ 43. Kg3 Rxa2 44. Ra8 Ra3 45. Kf2 Ra1 46. Bh5 g6 47.
Ra7+ Kf8 48. Ra8+ Kg7 49. Be2 Ra2 50. Ke1 g4 51. Rd8 Be6 52. Rd6 Kf7 53. Ra6 f5
54. g3 Ra3 55. Kd2 Ra1 56. Ra7+ Kf6 57. Bd1 Ra2+ 58. Bc2 Ra1 59. Bd1 Bf7 60.
Ra6+ Kg5 61. Ra7 Be8 62. Ra6 Ra2+ 63. Kc1 Rg2 64. Rxa5 Rxg3 65. Rxd5 Rxe3 66.
Rd8 Rxc3+ 67. Kb2 Rd3 68. Bc2 Rd2 69. Rxe8 Rxd4 70. Kc3 Rd6 71. Kxc4 g3 72.
Bxe4 fxe4 73. Rxe4 g2 74. Re1 Kg4 0-1

[Event "6. ODEM U25 2009"]
[Site "Willingen GER"]
[Date "2009.06.05"]
[Round "8"]
[White "Sailer, Fabian"]
[Black "Brühan, Caren"]
[Result "0-1"]
[Termination "normal"]
[Board "46"]
[WhiteElo "1380"]
[BlackElo "1265"]
[PlyCount "70"]
[BlackFideId "24691976"]
[EventCountry "GER"]
[EventRounds "9"]
[EventType "swiss"]
[EventDate "2009.05.30"]

1. e4 c5 2. Nf3 Nc6 3. d4 cxd4 4. Nxd4 g6 5. c4 Bg7 6. Be3 Nf6 7. Nc3 O-O 8.
Be2 d6 9. O-O Bd7 10. Qd2 Qc7 11. f3 Rfc8 12. Rac1 a6 13. Nd5 Qd8 14. Nb3 Nxd5
15. cxd5 Na7 16. Rxc8 Bxc8 17. a4 b5 18. a5 Bd7 19. Bb6 Qb8 20. Rc1 Nc8 21. Bc7
Qb7 22. Bd8 Qb8 23. Nd4 Qa7 24. Rd1 e5 25. dxe6 Bxe6 26. Kf1 Qd7 27. Bh4 Ra7
28. b4 Rc7 29. Bg3 Bc4 30. Nc2 Bc3 31. Qf4 Be5 32. Qg5 Bxe2+ 33. Kxe2 Rxc2+ 34.
Ke1 Rxg2 35. Qh6 Bxg3+ 0-1

[Event "6. ODEM U25 2009"]
[Site "Willingen GER"]
[Date "2009.06.05"]
[Round "8"]
[White "Usov, Andreas"]
[Black "Nobis, Philipp"]
[Result "1/2-1/2"]
[Termination "normal"]
[Board "47"]
[WhiteElo "1491"]
[BlackElo "1261"]
[PlyCount "128"]
[WhiteFideId "24601713"]
[BlackFideId "24602183"]
[EventCountry "GER"]
[EventRounds "9"]
[EventType "swiss"]
[EventDate "2009.05.30"]

1. e4 d5 2. exd5 Nf6 3. Nc3 Nxd5 4. Nxd5 Qxd5 5. c3 Nd7 6. d4 Nf6 7. Nf3 Bf5 8.
Bf4 c6 9. Ne5 e6 10. Bg3 Be7 11. f3 O-O 12. Bc4 Qa5 13. Qb3 Qb6 14. Qxb6 axb6
15. Bh4 b5 16. Be2 Rfe8 17. O-O Nd5 18. Bxe7 Rxe7 19. Bd3 Bxd3 20. Nxd3 Ne3 21.
Rf2 b6 22. Re2 Nd5 23. a3 Rc7 24. Re5 c5 25. dxc5 bxc5 26. Rae1 Rac8 27. f4 c4
28. Nf2 Nxf4 29. Rxb5 Nd3 30. Nxd3 cxd3 31. Rd1 Rd8 32. Rxd3 Rdc8 33. Rd4 f6
34. Rdb4 e5 35. Rb8 Rxb8 36. Rxb8+ Kf7 37. Ra8 e4 38. Ra4 Re7 39. Kf2 e3+ 40.
Ke2 f5 41. Rf4 Kf6 42. Rf3 Rb7 43. b4 Ra7 44. Rxe3 Rxa3 45. b5 Rb3 46. c4 Rb4
47. Rc3 Ke5 48. g3 Kd4 49. Rc1 g5 50. Rc2 h6 51. c5 Rxb5 52. c6 Rb8 53. c7 Rc8
54. h3 f4 55. gxf4 gxf4 56. h4 h5 57. Rc1 Ke5 58. Rc5+ Kd6 59. Rxh5 Rxc7 60.
Rf5 Rd7 61. Rxf4 Ke5 62. Ke3 Rd3+ 63. Kxd3 Kxf4 64. h5 Kg5 1/2-1/2

[Event "6. ODEM U25 2009"]
[Site "Willingen GER"]
[Date "2009.06.05"]
[Round "8"]
[White "Batora, Manuel"]
[Black "Rummer, Bärbel"]
[Result "0-1"]
[Termination "normal"]
[Board "48"]
[WhiteElo "900"]
[BlackElo "1476"]
[PlyCount "36"]
[WhiteFideId "12900230"]
[BlackFideId "12900109"]
[EventCountry "GER"]
[EventRounds "9"]
[EventType "swiss"]
[EventDate "2009.05.30"]

1. e4 e5 2. f4 exf4 3. Nf3 h6 4. d4 g5 5. Bc4 Bg7 6. O-O d6 7. e5 Nc6 8. exd6
Qxd6 9. d5 Nce7 10. Nc3 Qc5+ 11. Rf2 Qxc4 12. d6 cxd6 13. Qxd6 Nf5 14. Re2+
Nge7 15. Qd2 O-O 16. h4 Qc5+ 17. Kh2 Ng3 18. Ne4 18... Nf1+ { es folgte 19.Kh3
Df5#} 0-1

[Event "6. ODEM U25 2009"]
[Site "Willingen GER"]
[Date "2009.06.05"]
[Round "8"]
[White "Marquardt, Annabelle"]
[Black "Lebeda, Lukas"]
[Result "1/2-1/2"]
[Termination "normal"]
[Board "49"]
[WhiteElo "1381"]
[BlackElo "1710"]
[PlyCount "43"]
[WhiteFideId "12900125"]
[EventCountry "GER"]
[EventRounds "9"]
[EventType "swiss"]
[EventDate "2009.05.30"]

1. e4 c5 2. Nf3 g6 3. d4 cxd4 4. Nxd4 Bg7 5. Nc3 Nc6 6. Be3 Nf6 7. Be2 O-O 8.
Qd2 d5 9. O-O-O dxe4 10. Nxc6 Qxd2+ 11. Rxd2 bxc6 12. Rf1 Bb7 13. f3 exf3 14.
Bxf3 Rfb8 15. Bf4 Rd8 16. Rxd8+ Rxd8 17. Re1 e6 18. Be3 a6 19. Na4 Nd5 20. Bd2
Rb8 21. c4 Ne7 22. b3 1/2-1/2

[Event "6. ODEM U25 2009"]
[Site "Willingen GER"]
[Date "2009.06.05"]
[Round "8"]
[White "Schirra, Felix"]
[Black "Mehling, Franziska"]
[Result "0-1"]
[Termination "normal"]
[Board "50"]
[WhiteElo "1440"]
[BlackElo "1257"]
[PlyCount "108"]
[WhiteFideId "24692662"]
[BlackFideId "12900133"]
[EventCountry "GER"]
[EventRounds "9"]
[EventType "swiss"]
[EventDate "2009.05.30"]

1. e4 c5 2. Nf3 d6 3. d4 cxd4 4. Nxd4 Nf6 5. Nc3 g6 6. Be3 Bg7 7. Bc4 Nc6 8. f3
Bd7 9. Qd2 a6 10. O-O-O b5 11. Bb3 O-O 12. g4 Na5 13. h4 Nc4 14. Bxc4 bxc4 15.
Bh6 Qb6 16. b3 cxb3 17. axb3 Rac8 18. Kb2 a5 19. Bxg7 Kxg7 20. h5 a4 21. hxg6
fxg6 22. Nd5 Nxd5 23. exd5 Rh8 24. Rde1 Rce8 25. Ne6+ Bxe6 26. Rxe6 axb3 27.
cxb3 Qc5 28. Qh6+ Kf7 29. Qf4+ Kg7 30. Rhe1 Qc7 31. Qd2 Rhf8 32. Rh1 Rh8 33.
Qc3+ Qxc3+ 34. Kxc3 Rhf8 35. Rf1 Rf4 36. g5 Rf5 37. f4 Rxd5 38. Rfe1 Kf7 39.
Rh1 Kxe6 40. Rxh7 Rc8+ 41. Kb2 Rf5 42. Rh6 Rg8 43. Rh4 d5 44. Kc3 Kd6 45. b4
Rc8+ 46. Kb3 d4 47. Rh6 Rg8 48. Rh4 d3 49. Kc3 Rd5 50. Kd2 e5 51. fxe5+ Kxe5
52. b5 Rc8 53. b6 Rc2+ 54. Kd1 Rb2 0-1

[Event "6. ODEM U25 2009"]
[Site "Willingen GER"]
[Date "2009.06.05"]
[Round "8"]
[White "Alt, Elisabeth"]
[Black "Klosa, Kevin"]
[Result "1/2-1/2"]
[Termination "normal"]
[Board "51"]
[WhiteElo "1257"]
[BlackElo "1453"]
[PlyCount "71"]
[WhiteFideId "24692620"]
[BlackFideId "12900206"]
[EventCountry "GER"]
[EventRounds "9"]
[EventType "swiss"]
[EventDate "2009.05.30"]

1. e4 e5 2. Nf3 Nc6 3. d4 exd4 4. Nxd4 Nf6 5. Nxc6 bxc6 6. e5 Nd5 7. c4 Nb6 8.
Nc3 d5 9. exd6 cxd6 10. Be2 Be6 11. b3 Be7 12. O-O O-O 13. Bb2 Qc7 14. Qd4 Bf6
15. Qd2 Qd7 16. Ne4 Bxb2 17. Qxb2 Bf5 18. Ng3 Bg6 19. Rad1 Qc7 20. Nh5 Bxh5 21.
Bxh5 Nd7 22. Rfe1 Nf6 23. Bf3 Rfe8 24. b4 Rab8 25. Qd2 h6 26. h3 Qd7 27. Rxe8+
Nxe8 28. c5 d5 29. a4 a6 30. Be2 Nc7 31. Qf4 Qd8 32. Qd6 Qxd6 33. cxd6 Ne6 34.
Rb1 Rd8 35. Bxa6 Rxd6 36. a5 1/2-1/2

[Event "6. ODEM U25 2009"]
[Site "Willingen GER"]
[Date "2009.06.05"]
[Round "8"]
[White "Wachinger, David"]
[Black "Polert, Jesper"]
[Result "1-0"]
[Termination "normal"]
[Board "52"]
[WhiteElo "1386"]
[BlackElo "779"]
[PlyCount "47"]
[WhiteFideId "24692689"]
[EventCountry "GER"]
[EventRounds "9"]
[EventType "swiss"]
[EventDate "2009.05.30"]

1. d4 d5 2. c4 e6 3. Nc3 Nf6 4. Bg5 Be7 5. Nf3 Nbd7 6. e3 c5 7. cxd5 exd5 8.
dxc5 Nxc5 9. Bxf6 Bxf6 10. Bb5+ Bd7 11. Qxd5 b6 12. Bxd7+ Nxd7 13. Qe4+ Be7 14.
Rd1 O-O 15. Ne5 Bf6 16. Nxd7 Re8 17. Nxf6+ Qxf6 18. Qf3 Qe6 19. O-O Qh6 20. Rd7
a5 21. Qxf7+ Kh8 22. Rfd1 Qg5 23. h4 Qg4 24. R1d4 1-0

[Event "6. ODEM U25 2009"]
[Site "Willingen GER"]
[Date "2009.06.05"]
[Round "8"]
[White "Reksten, Lisa"]
[Black "Zeller, Lukas"]
[Result "1-0"]
[Termination "normal"]
[Board "53"]
[WhiteElo "1141"]
[BlackElo "1338"]
[PlyCount "62"]
[BlackFideId "1271152"]
[EventCountry "GER"]
[EventRounds "9"]
[EventType "swiss"]
[EventDate "2009.05.30"]

1. e4 g6 2. d4 d6 3. f4 Bg7 4. Nf3 Nf6 5. Nc3 b6 6. Be3 Bb7 7. Bd3 O-O 8. Qe2
e6 9. O-O-O Nc6 10. h3 Nb4 11. Kb1 Nh5 12. Qd2 Nxd3 13. Qxd3 Qe7 14. g4 Nf6 15.
Rdg1 Rad8 16. Bf2 d5 17. e5 Ne4 18. Qe3 Nxf2 19. Qxf2 f6 20. h4 fxe5 21. fxe5
Rf7 22. Qg3 Qb4 23. h5 Rxf3 24. Qxf3 gxh5 25. gxh5 Rf8 26. Qg4 Rf7 27. h6 Qe7
28. hxg7 Rxg7 29. Qh3 Rxg1+ 30. Rxg1+ Kf8 31. Qh6+ Ke8 1-0

[Event "6. ODEM U25 2009"]
[Site "Willingen GER"]
[Date "2009.06.05"]
[Round "8"]
[White "Kuckling, Linus"]
[Black "Eichstaedt, Ina"]
[Result "1-0"]
[Termination "normal"]
[Board "54"]
[WhiteElo "1197"]
[BlackElo "887"]
[PlyCount "99"]
[WhiteFideId "24658243"]
[BlackFideId "1270265"]
[EventCountry "GER"]
[EventRounds "9"]
[EventType "swiss"]
[EventDate "2009.05.30"]

1. e4 e5 2. Nf3 Nc6 3. Bb5 d6 4. d4 exd4 5. Nxd4 Bd7 6. Nxc6 bxc6 7. Bc4 Nf6 8.
Bg5 Be7 9. O-O h6 10. Bxf6 Bxf6 11. c3 O-O 12. Nd2 Be5 13. Nf3 Bg4 14. Rc1 Qf6
15. Be2 Qf4 16. Nxe5 Bxe2 17. Qxe2 Qxe5 18. f3 d5 19. Rfe1 d4 20. cxd4 Qxd4+
21. Kh1 Rab8 22. b3 Rfd8 23. Red1 Qb6 24. h3 Rd6 25. Rxd6 cxd6 26. Rd1 Rd8 27.
Qd2 Qa6 28. a4 Qb7 29. Qc3 d5 30. Rd3 Qc7 31. exd5 Rd6 32. Qd2 cxd5 33. Rxd5
Rxd5 34. Qxd5 Qc1+ 35. Kh2 Qc7+ 36. Kg1 Qc2 37. Qc4 Qd1+ 38. Kf2 Qd2+ 39. Qe2
Qb4 40. Qe8+ Kh7 41. Qe4+ Qxe4 42. fxe4 Kg6 43. Kf3 h5 44. g4 hxg4+ 45. hxg4 f6
46. Kf4 a6 47. b4 Kf7 48. b5 axb5 49. axb5 g6 50. b6 1-0

[Event "6. ODEM U25 2009"]
[Site "Willingen GER"]
[Date "2009.06.05"]
[Round "8"]
[White "Kilic, Ahmet"]
[Black "Michels, Till"]
[Result "1-0"]
[Termination "normal"]
[Board "55"]
[WhiteElo "1166"]
[BlackElo "968"]
[PlyCount "72"]
[EventCountry "GER"]
[EventRounds "9"]
[EventType "swiss"]
[EventDate "2009.05.30"]

1. c4 e5 2. Nc3 Nf6 3. g3 d5 4. cxd5 Nxd5 5. Bg2 Nxc3 6. bxc3 c6 7. d4 exd4 8.
cxd4 b5 9. Bb2 Bb7 10. e3 c5 11. Bxb7 cxd4 12. Qxd4 Qa5+ 13. Ke2 b4 14. Qe4+
Kd8 15. Bxa8 Qh5+ 16. Nf3 Qb5+ 17. Qd3+ Qxd3+ 18. Kxd3 Nd7 19. Ng5 Kc7 20. Nxf7
Rg8 21. Rhc1+ Kb6 22. Bd5 Be7 23. Nh6 Rd8 24. Nf7 Nc5+ 25. Kc4 Nd3 26. Nxd8
Nxc1 27. Rxc1 Bxd8 28. Bxg7 a5 29. Bd4+ Ka6 30. f4 h5 31. e4 h4 32. e5 b3 33.
axb3 a4 34. bxa4 h3 35. f5 Bc7 36. Rc3 Bd8 1-0

[Event "6. ODEM U25 2009"]
[Site "Willingen GER"]
[Date "2009.06.06"]
[Round "9"]
[White "Figura, Atila Gajo"]
[Black "Mantler, Hendrik"]
[Result "1-0"]
[Termination "normal"]
[Board "1"]
[WhiteTitle "FM"]
[WhiteElo "2417"]
[BlackElo "2164"]
[PlyCount "73"]
[WhiteFideId "4688058"]
[BlackFideId "4697790"]
[EventCountry "GER"]
[EventRounds "9"]
[EventType "swiss"]
[EventDate "2009.05.30"]

1. d4 d5 2. c4 e6 3. Nc3 Nf6 4. cxd5 exd5 5. Bg5 Be7 6. e3 c6 7. Bd3 O-O 8.
Nge2 Nbd7 9. O-O Re8 10. f3 Nf8 11. Qc2 Be6 12. Rad1 Rc8 13. Bh4 c5 14. Qd2
N6d7 15. Bxe7 Qxe7 16. dxc5 Nxc5 17. Nd4 Nxd3 18. Qxd3 Ng6 19. b3 Qb4 20. Nce2
Bd7 21. Rfe1 a5 22. Kf2 a4 23. Qd2 Qd6 24. g3 Ne5 25. h4 Qb6 26. Nf4 Bc6 27.
Nd3 Nd7 28. Qb4 Qa7 29. Nf5 Ra8 30. Nf4 Nf6 31. g4 axb3 32. axb3 Rad8 33. Qc3
d4 34. Rxd4 Rc8 35. Nd6 Bxf3 36. Nxc8 Ne4+ 37. Rxe4 1-0

[Event "6. ODEM U25 2009"]
[Site "Willingen GER"]
[Date "2009.06.06"]
[Round "9"]
[White "Wagner, Florian"]
[Black "Tschlatscher, Thomas"]
[Result "1/2-1/2"]
[Termination "normal"]
[Board "2"]
[WhiteTitle "FM"]
[WhiteElo "2302"]
[BlackElo "1983"]
[PlyCount "132"]
[WhiteFideId "4698118"]
[BlackFideId "24635863"]
[EventCountry "GER"]
[EventRounds "9"]
[EventType "swiss"]
[EventDate "2009.05.30"]

1. Nf3 Nf6 2. g3 c6 3. Bg2 d5 4. O-O Nbd7 5. d3 g6 6. Nbd2 Bg7 7. e4 dxe4 8.
dxe4 e5 9. Qe2 O-O 10. Rd1 Qc7 11. b3 Rd8 12. a4 Rb8 13. a5 b5 14. axb6 axb6
15. Nc4 Bb7 16. Bb2 Ne8 17. Bh3 f6 18. Rxd7 Rxd7 19. Bxd7 Qxd7 20. Nxb6 Qc7 21.
Nc4 Bc8 22. Rd1 Bg4 23. Ne3 Be6 24. Ba3 Qa5 25. Bd6 Rd8 26. b4 Qb5 27. c4 Bxc4
28. Qxc4+ Qxc4 29. Nxc4 Bf8 30. Na5 Rxd6 31. Rxd6 Nxd6 32. Nxc6 Nxe4 33. Kf1
Kf7 34. Ne1 Ke6 35. f3 Kd5 36. b5 Nc3 37. Na5 Nxb5 38. Nb3 Bh6 39. Ke2 Nd4+ 40.
Nxd4 Kxd4 41. Nd3 Bf8 42. Nf2 h5 43. h3 Be7 44. g4 f5 45. gxf5 gxf5 46. Nd3 Bh4
47. Nb4 Bg3 48. Nc2+ Kd5 49. Ne3+ Ke6 50. Kd3 Kf6 51. Ng2 Kg5 52. Ke3 Bh2 53.
Kf2 f4 54. Ke2 Bg3 55. Kd3 Kf6 56. Kc3 Ke6 57. Kc4 Kd6 58. Kc3 Kc5 59. Kd3 Kd5
60. h4 Kd6 61. Kd2 Kc5 62. Kc3 e4 63. Nxf4 Be1+ 64. Kc2 Bxh4 65. fxe4 Kd4 66.
Nxh5 Kxe4 1/2-1/2